Battlefield 6 all guns and gadgets - Statistics

General Stats
  • This quiz has been taken 7 times
  • The average score is 22 of 99
Answer Stats
Type Item % Correct
Melee 14 lb Sledgehammer
57%
Melee KBR Mark II
57%
Carbine M4A1
57%
Gadget (Engineer) RPG-7V2
57%
Assault rifle AK4D
43%
LMG DRS-IAR
43%
Assault rifle KORD 6P67
43%
Grenade (Support) M18
43%
Assault rifle M433
43%
Grenade (All) M67
43%
Grenade (Assault) M84
43%
Sniper rifle Mini Scout
43%
Grenade (Assault) MK 141 Mod 0
43%
SMG PW5A3
43%
SMG PW7A2
43%
Gadget (Assault) QLink 6
43%
Assault rifle SOR-556 Mk2
43%
Carbine AK-205
29%
Assault rifle B36A4
29%
Gadget (Engineer) HOFF-1500
29%
LMG KTS100 MK8
29%
LMG L110
29%
Gadget (Recon) LTLM II
29%
Gadget (Support) LWCMS
29%
Shotgun M1014
29%
Gadget (Engineer) M15
29%
Gadget (Recon) M18A1
29%
Sniper rifle M2010 ESR
29%
LMG M240L
29%
LMG M250
29%
Gadget (Assault) M320A1 HE
29%
Gadget (Support) M320A1 SMK
29%
Gadget (Assault) M320A1 THRM
29%
Gadget (Support) MaxGuard 900
29%
Melee Nomad CX-12
29%
Gadget (Support) Powerpulse
29%
Carbine QBZ-192
29%
LMG RPKM
29%
SMG SL9
29%
Gadget (Engineer) SLM-93A Spire
29%
Sniper rifle SV-98
29%
DMR SVDM
29%
Assault rifle TR-7
29%
SMG UMG-40
29%
SMG USG-90
29%
Gadget (Recon) XFGM-6D
29%
Shotgun 18.5KS-K
14%
Gadget (Assault) AJ-03 Stim
14%
Grenade (Support) AN/M14
14%
Melee Bighorn HK-16
14%
Gadget (Recon) C-4 Explosives
14%
Gadget (Engineer) CSB IV
14%
Gadget (Engineer) CSS Bundle
14%
Shotgun DB-12
14%
Pistol (Secondary) ES 5.7
14%
Gadget (Recon) Field Dummy No.25
14%
Gadget (Support) Goliath 90L
14%
Gadget (Support) Goliath Compact
14%
SMG KV9
14%
Assault rifle L85A3
14%
LMG M123K
14%
Gadget (Engineer) M136 AT
14%
Pistol (Secondary) M357 Trait
14%
DMR M39 EMR
14%
Carbine M417 A2
14%
Pistol (Secondary) M44
14%
Gadget (Engineer) M4A1 SLAM
14%
Shotgun M87A1
14%
Gadget (Engineer) MAS 148 Glaive
14%
Gadget (Engineer) MBT-LAW
14%
Gadget (Recon) Motion Sensor
14%
Grenade (Recon) MTN-55
14%
Assault rifle NVO-228E
14%
Pistol (Secondary) P18
14%
Sniper rifle PSR
14%
Gadget (Engineer) PTKM-1R
14%
Battle pickup Rorsch Mk-2 SMRW
14%
Grenade (Engineer) SCG-24
14%
SMG SCW-10
14%
Carbine SG 553R
14%
SMG SGX
14%
Carbine SOR-300SC
14%
Gadget (Assault) SS26
14%
DMR SVK-8.6
14%
Gadget (Assault) Tarantula ALX
14%
Throwable (Recon) Throwing Knife
14%
Gadget (Recon) TRCRV2
14%
Grenade (Engineer) V40
14%
Gadget (Assault) X95 BRE
14%
Pistol (Secondary) GGH-22
0%
Gadget (Support) GPDIS
0%
Carbine GRT-BC
0%
DMR LMR27
0%
Carbine M277
0%
Pistol (Secondary) M45A1
0%
LMG M/60
0%
Gadget (Support) MP-APS
0%
Battle pickup MP-RMG
0%
Gadget (Support) SICH G1 WP
0%
No matching quizzes found
Score Distribution
Percent of People with Each Score
Percentile by Number Answered
Your Score History
You have not taken this quiz